|
|
|
|
| LEADER |
01037nam a2200265 a 4500 |
| 001 |
GR-MES10227 |
| 008 |
060601s xxk b 001 0 gre d |
| 020 |
|
|
|a 0198516126
|q (alk. paper)
|
| 020 |
|
|
|a 0198516134
|q (alk. paper)
|
| 040 |
|
|
|a GrPaTEI
|b gre
|c GR-PaULI
|
| 040 |
|
|
|a GrPaTEI
|b gre
|c GR-PaULI
|
| 100 |
1 |
|
|a Bronmark, Christer
|
| 245 |
1 |
4 |
|a The biology of lakes and ponds /
|c Christer Bronmark ; Lars-Anders Hansson.
|
| 250 |
|
|
|a 2nd ed.
|
| 260 |
|
|
|a Oxford :
|b Oxford University press,
|c 2005
|
| 300 |
|
|
|a xii , 285σ. :
|b εικ. ;
|c 24εκ.
|
| 504 |
|
|
|a Περιλαμβάνει βιβλιογραφίες και ευρετήριο.
|
| 650 |
|
0 |
|a Lake ecology
|
| 650 |
|
0 |
|a Limnology
|
| 650 |
|
0 |
|a Pond ecology
|
| 700 |
1 |
|
|a Hansson, Lars-Anders
|
| 942 |
|
|
|2 ddc
|
| 952 |
|
|
|0 0
|1 0
|2 ddc
|4 0
|6 577_630000000000000_BRO
|7 0
|9 269785
|a MSLG
|b MSLG
|c BSC
|d 2021-01-17
|e 24
|f 0
|g 0.00
|l 0
|o 577.63 BRO
|p 2420000019750
|r 2021-01-17 00:00:00
|t 1
|w 2021-01-17
|y BK15
|x 20060601 0 1
|x GrPaTEI
|
| 971 |
|
|
|a .b25762746
|b 15-04-20
|c 13-09-16
|
| 999 |
|
|
|c 155732
|d 155732
|